|
|
|
|
| LEADER |
01311cam a2200349Ia 4500 |
| 001 |
9780203218075 |
| 003 |
FlBoTFG |
| 005 |
20110119191320.0 |
| 006 |
a|||||s||||||||||| |
| 007 |
cr|||| |
| 008 |
110119s2003 enkab sb 001 0beng d |
| 010 |
|
|
|a 2002067991
|
| 020 |
|
|
|a 9780203218075 (e-book : PDF)
|
| 040 |
|
|
|a FlBoTFG
|c FlBoTFG
|d GrThAP
|
| 043 |
|
|
|a e------
|a ff-----
|a aw-----
|
| 090 |
|
|
|a DG293
|b .G73 2003
|
| 092 |
|
|
|a 937.07092
|b G743
|
| 100 |
1 |
|
|a Grainger, John D.,
|d 1939-
|
| 245 |
1 |
0 |
|a Nerva and the Roman succession crisis of AD 96-99
|h [electronic resource] /
|c John D. Grainger.
|
| 260 |
|
|
|a London ;
|a New York :
|b Routledge,
|c 2003.
|
| 300 |
|
|
|a xxvii, 162 p. :
|b ill., maps ;
|c 24 cm.
|
| 504 |
|
|
|a Includes bibliographical references (p. 149-154) and index.
|
| 530 |
|
|
|a Also available in print edition.
|
| 533 |
|
|
|a Electronic reproduction.
|b [London, Eng. :
|b Taylor and Francis,
|d 2010].
|n PDF file created from digital scan of print book.
|
| 600 |
0 |
0 |
|a Nerva,
|c Emperor of Rome,
|d ca. 30-98.
|
| 650 |
|
0 |
|a Emperors
|z Rome
|v Biography.
|
| 651 |
|
0 |
|a Rome
|x History
|y Antonines, 96-192.
|
| 655 |
|
7 |
|a Electronic books.
|2 lcsh
|
| 776 |
1 |
|
|z 9780415289177
|
| 776 |
1 |
|
|z 9780415349581
|
| 776 |
1 |
|
|z 0415289173
|
| 856 |
4 |
0 |
|u http://www.tandfebooks.com/isbn/9780203218075
|z Full Text via HEAL-Link
|